Marauders Era Ships - Statistics

General Stats
  • This quiz has been taken 303 times
  • The average score is 15 of 27
Answer Stats
Hint Answer % Correct
Lily Evans x James Potter jily, flowerpot
96%
Regulus Black x James Potter jegulus, sunseeker, starchaser
90%
Remus Lupin x Sirius Black wolfstar
90%
Lily Evans x Pandora Rosier pandalily
78%
evan rosier x bcj rosekiler <3
76%
Lily Evans x Severus Snape snily
76%
Remus Lupin x Regulus Black moonwater
75%
Lily Evans x Regulus Black x James Potter jegulily
73%
Lily Evans x Mary MacDonald marylily
72%
marlene x dorcas dorlene
70%
james x sirius prongsfoot
65%
peter x bcj party
64%
alice x narcissa nobleflower
59%
bellatrix x rita skeeter quillkiller
56%
Lily Evans x Remus Lupin remulily, moonflower
56%
Regulus Black x Barty Crouch Jr bartylus
54%
mary x marlene marylene
54%
peter x barty x evan partyvan
50%
sirius x barty bitchkiller
41%
minerva mcgonagall x poppy pomfrey wiseflower
39%
Lily Evans x Sirius Black lilypad
32%
Lily Evans x Barty Crouch Jr bartylily
31%
mary x emmeline emmary
28%
Regulus Black x Evan Rosier rosewater
25%
Lily Evans x Barty Crouch Jr x Evan Rosier murderbouquet, lilyrosekiller
9%
lily x evan flowerbouquet
3%
death x me liberation
1%
No matching quizzes found
Score Distribution
Percent of People with Each Score
Percentile by Number Answered
Your Score History
You have not taken this quiz